Depth first search and location based localized routing and QoS routing in wireless networks

Bibliographic Details
Main Authors: Stojmenovic, Ivan (Author), Russell, Mark (Author), Vukojevic, Bosko (Author)
Format: Article
Language:Slovak
English
PhysicalDescription:Fotogr., sch., tab.
ISSN:1335-9150
Subjects:

MARC

LEADER 00000nab a2200000 a 4500
001 vtls000829232
003 SK-MaSNL
005 20260304120611.0
008 250429c2002 xo 0 slo
015 |a SNBRB2003/03-08972 
035 |a CLN000180887 
035 |a urn:nbn:sk:snk-abps0 
035 |a (urnnbn)urn:nbn:sk:snk:ar-a048ic 
035 |a (uuid)e915e8a1-fdea-4ec6-b162-8acc4a2fbfc8 
040 |a SNKBUCL  |b slo  |c SNKBUCL  |e AACR2 
041 0 |a eng 
044 |a xo  |c SK 
080 |a 621.396  |2 1997 
080 |a 654.16  |2 1997 
100 1 |a Stojmenovic, Ivan  |4 aut  |9 1421752 
245 1 0 |a Depth first search and location based localized routing and QoS routing in wireless networks  |c Ivan Stojmenovic, Mark Russell, Bosko Vukojevic 
300 |b Fotogr., sch., tab. 
504 |a Res. angl. 
504 |a Bibliogr. odkazy 
504 |a Biogr. údaje 
650 0 7 |a siete rádiokomunikačné  |x smerovanie  |x služby  |2 snkbucl  |9 1424714 
650 0 7 |a komunikácia mobilná  |2 snkbucl  |9 844649 
655 7 |a články z novín a časopisov  |2 snkbucl  |9 267496 
700 1 |a Russell, Mark  |4 aut  |9 1424715 
700 1 |a Vukojevic, Bosko  |4 aut  |9 1424716 
773 0 |t Computing and informatics  |g Roč. 21, č. 2 (2002), s. 149-165  |x 1335-9150 
850 |a Slovenská národná knižnica 
852 |a Slovenská národná knižnica 
958 |a article27 
958 |a NB 
958 |a OND 
958 |a EUIPO 
999 |c 2880807  |d 2882737